|
|
|
|
| LEADER |
01040nam a2200241 a 4500 |
| 001 |
GR-Patra25804 |
| 003 |
GR-PaULI |
| 005 |
20230314120723.0 |
| 008 |
050914s2006 mau g b 001 b eng d |
| 952 |
|
|
|0 0
|1 0
|2 ddc
|4 0
|6 519_500000000000000_TRI
|7 0
|9 307940
|a LISP
|b LISP
|c BSC
|d 2021-01-17
|e
|f
|g 0.00
|i 40938
|l 0
|o 519.5 TRI
|p 025000299042
|r 2021-01-17 00:00:00
|t 1
|v 2021.00
|w 2021-01-17
|y BK15
|x
|x GrPaTEI
|
| 999 |
|
|
|c 177602
|d 177602
|
| 020 |
|
|
|a 0321315235
|
| 040 |
|
|
|a GR-PaULI
|b gre
|c GR-PaULI
|e AACR2
|
| 082 |
0 |
4 |
|a 519.5
|2 23
|
| 100 |
|
|
|a Triola, Mario F.,
|9 190247
|d 1944-
|e συγγραφέας.
|
| 245 |
1 |
0 |
|a Elementary statistics /
|c Mario F. Triola.
|
| 250 |
|
|
|a 10th ed.
|
| 260 |
|
|
|a Boston :
|b Pearson/Addison-Wesley,
|c c2006.
|
| 300 |
|
|
|a xxxiv, 868 σ. :
|b εικ. ;
|c 26 εκ. +
|e 1 οπτικό δίσκο Η/Υ (4 3/4 in.)
|
| 504 |
|
|
|a Περιλαμβάνει βιβλιογραφίες και ευρετήριο.
|
| 650 |
|
4 |
|a Στατιστική
|9 105747
|x Εγχειρίδια κλπ.
|
| 942 |
|
|
|2 ddc
|c BK
|
| 998 |
|
|
|c ΜΠΟΥΡΑΣ
|d 2023-03
|